[Event "AUTO-ADV-870"]
[Site "http://www.queenalice.com/game.php?id=386177"]
[Date "2008.4.12"]
[Round "1"]
[White "gniark"]
[Black "KobeB"]
[Result "1-0"]
[WhiteElo "1922"]
[BlackElo "1801"]

1. d4 d5 2. c4 e6 3. Nc3 Nf6 4. Bg5 Be7 5. Nf3 h6 6. Bf4 O-O 7. e3 dxc4 8. Bxc4
Bb4 9. O-O Nc6 10. a3 Bd6 11. Bxd6 Qxd6 12. Qc2 a6 13. Rad1 b5 14. Ba2 Bb7 15.
e4 Qf4 16. Bb1 e5 17. Ne2 Qg4 18. dxe5 Ne8 19. h3 Qg6 20. Nf4 Qh7 21. b4 g5 22.
Nd5 g4 23. hxg4 Kh8 24. Ba2 Qg7 25. Qc1 Rg8 26. Rfe1 h5 27. g5 Nxe5 28. Nd4 Qxg5
29. Qxg5 Rxg5 30. f4 Rg7 31. fxe5 Bxd5 32. exd5 Rg4 33. Re3 Ng7 34. Rf3 Rg8 35.
Rxf7 h4 36. Rf6 Kh7 37. Bb1+ 1-0

[Event "AUTO-ADV-870"]
[Site "http://www.queenalice.com/game.php?id=386204"]
[Date "2008.4.12"]
[Round "1"]
[White "gniark"]
[Black "pjanderson"]
[Result "1-0"]
[WhiteElo "1930"]
[BlackElo "1676"]

1. d4 g6 2. c4 Bg7 3. Nc3 Nf6 4. e4 O-O 5. Nf3 b6 6. e5 Ne8 7. Be2 Bb7 8. O-O e6
9. Bg5 f6 10. exf6 Bxf6 11. Bxf6 Qxf6 12. Qd2 Nd6 13. d5 exd5 14. Nxd5 Bxd5 15.
Qxd5+ Kh8 16. b3 c6 17. Qd3 a5 18. Rad1 Nf5 19. Nd4 Qxd4 20. Qxd4+ Nxd4 21. Rxd4
Ra7 22. Rfd1 Rd8 23. Rd6 Na6 24. Bg4 Nc5 25. Rxc6 dxc6 26. Rxd8+ Kg7 27. Rc8 Re7
28. g3 Re1+ 29. Kg2 Ra1 30. Rxc6 Nd3 31. a4 Ne5 32. Rc7+ Kh6 33. Be6 Rb1 34. f4
Rb2+ 35. Kf1 Nd3 36. Bg8 Rf2+ 37. Kg1 Kh5 38. Rxh7+ Kg4 39. Be6+ Kf3 40. Bd5+
Ke2 41. Rb7 Rf1+ 42. Kg2 Ne1+ 43. Kh3 Kd3 44. Rxb6 Kc3 45. c5 Nd3 46. c6 Rc1 47.
c7 Kd4 48. Bc4 Nf2+ 49. Kh4 Rh1 50. c8=Q Rxh2+ 51. Kg5 Ne4+ 52. Kxg6 Ke3 53. Re6
Rd2 54. Qc6 Rd4 55. Qb6 Kf2 56. Qxd4+ Kxg3 57. Rxe4 Kg4 58. f5+ Kg3 59. Qd3+ Kf2
60. Re2+ Kg1 61. Qd1# 1-0

[Event "AUTO-ADV-870"]
[Site "http://www.queenalice.com/game.php?id=386205"]
[Date "2008.4.12"]
[Round "1"]
[White "pjanderson"]
[Black "gniark"]
[Result "0-1"]
[WhiteElo "1632"]
[BlackElo "1934"]

1. g3 e6 2. Bg2 d5 3. Nf3 Nf6 4. O-O c5 5. d4 Nc6 6. Bg5 Qb6 7. Bxf6 Qxb2 8.
dxc5 Qxf6 9. Na3 Bxc5 10. Nb5 O-O 11. Rb1 a6 12. Nc7 Ra7 13. Nxd5 exd5 14. Qxd5
b6 15. e4 Rd7 16. Qg5 Qc3 17. Rbc1 Re7 18. Nd2 Nd4 19. Nb3 Ne2+ 20. Kh1 Nxc1 21.
Nxc5 Qxc5 22. Qxc1 Bb7 23. f3 Rc8 24. Rd1 Ree8 25. c4 Qxc4 26. Qxc4 Rxc4 27. Bf1
Rc2 28. Rb1 b5 29. a3 Rec8 30. Kg1 Rc1 31. Rb3 R8c3 32. Rxc3 Rxc3 33. Bh3 Rxf3
34. e5 Rxa3 35. Kf2 Rc3 36. Ke2 Rc2+ 37. Kd3 Rxh2 38. Bd7 Rh1 39. Kd4 Rd1+ 40.
Kc5 Rxd7 41. Kb6 Bf3 42. Kxa6 b4 43. g4 b3 44. g5 b2 45. g6 hxg6 46. e6 fxe6 47.
Kb6 b1=R+ 48. Kc5 Rc1+ 49. Kb6 Rd2 50. Kb5 Rb2+ 51. Ka4 Ra1# 0-1

[Event "AUTO-MASTER-539"]
[Site "http://www.queenalice.com/game.php?id=412994"]
[Date "2008.6.4"]
[Round "1"]
[White "daf88"]
[Black "gniark"]
[Result "0-1"]
[WhiteElo "2088"]
[BlackElo "1988"]

1. e4 e6 2. d4 d5 3. c4 dxe4 4. Nc3 Nf6 5. f3 exf3 6. Nxf3 c5 7. Bg5 h6 8. Bh4
Nc6 9. d5 Nb4 10. a3 Na6 11. Be2 Be7 12. O-O O-O 13. Ne5 Nxd5 14. cxd5 Bxh4 15.
d6 Nb8 16. Nb5 Nc6 17. Nxc6 bxc6 18. Nc3 Bf6 19. Rc1 Rb8 20. Qd2 Bg5 21. Qd3
Bxc1 22. Rxc1 Rxb2 23. Ne4 Qa5 24. Nxc5 Rd8 25. d7 Bxd7 26. Nxd7 Rd2 27. Nf6+
gxf6 28. Qg3+ Qg5 29. Qxg5+ fxg5 30. Bf3 Ra2 31. Rxc6 Rxa3 32. Rc7 a5 33. h3 a4
34. Bh5 f5 35. Bf7+ Kf8 36. Bxe6 f4 37. Rf7+ Ke8 38. Rh7 Rd1+ 39. Kh2 Raa1 40.
g4 Rd2# 0-1

[Event "AUTO-MASTER-539"]
[Site "http://www.queenalice.com/game.php?id=412995"]
[Date "2008.6.4"]
[Round "1"]
[White "gniark"]
[Black "daf88"]
[Result "1-0"]
[WhiteElo "1955"]
[BlackElo "2050"]

1. d4 Nf6 2. Nf3 d5 3. c4 c6 4. Nc3 dxc4 5. e4 b5 6. Be2 e6 7. O-O Be7 8. b3 b4
9. Na4 cxb3 10. Qxb3 Nxe4 11. Bd3 Nf6 12. Re1 O-O 13. Nc5 a5 14. Qc2 Nbd7 15.
Ng5 h6 16. Ncxe6 fxe6 17. Nxe6 Qb6 18. Bc4 Kh8 19. Nxg7 Bd6 20. Nf5 c5 21. Bxh6
Bb7 22. Bg7+ Kh7 23. Nxd6+ Kxg7 24. Re7+ Kh8 25. Qg6 Qxd6 26. Qg7# 1-0

[Event "AUTO-MASTER-539"]
[Site "http://www.queenalice.com/game.php?id=413010"]
[Date "2008.6.4"]
[Round "1"]
[White "gniark"]
[Black "Lucascg"]
[Result "0-1"]
[WhiteElo "1933"]
[BlackElo "1954"]

1. d4 d5 2. c4 e6 3. Nc3 f5 4. g3 c6 5. Bg2 Nf6 6. Nf3 Be7 7. b3 O-O 8. O-O Ne4
9. Bf4 Nxc3 10. Qc2 Ne4 11. e3 Nd7 12. Nd2 Ndf6 13. a3 Nxd2 14. Qxd2 Ne4 0-1

[Event "AUTO-MASTER-539"]
[Site "http://www.queenalice.com/game.php?id=413011"]
[Date "2008.6.4"]
[Round "1"]
[White "Lucascg"]
[Black "gniark"]
[Result "1/2-1/2"]
[WhiteElo "1986"]
[BlackElo "1946"]

1. d4 d5 2. c4 e6 3. Nf3 Nf6 4. e3 Nbd7 5. Bd3 Be7 6. O-O O-O 7. Nc3 c6 8. e4
dxe4 9. Nxe4 Nxe4 10. Bxe4 Nf6 11. Bc2 c5 12. Bg5 h6 13. Bxf6 Bxf6 14. Qd3 g6
15. Rad1 Qa5 16. Ne5 Bg7 17. f4 Rd8 18. Qc3 Qxc3 19. bxc3 Bd7 20. d5 exd5 21.
cxd5 b5 22. Rfe1 a5 23. Be4 Ra6 24. Bf3 1/2-1/2

[Event "AUTO-MASTER-539"]
[Site "http://www.queenalice.com/game.php?id=413012"]
[Date "2008.6.4"]
[Round "1"]
[White "gniark"]
[Black "leduar"]
[Result "1-0"]
[WhiteElo "1922"]
[BlackElo "1969"]

1. d4 Nf6 2. c4 g6 3. Nc3 Bg7 4. e4 d6 5. Nf3 O-O 6. Be2 e5 7. O-O Nc6 8. d5 Ne7
9. Ne1 Nd7 10. Be3 f5 11. f3 f4 12. Bf2 c5 13. dxc6 bxc6 14. Qxd6 Nb6 15. Rd1
Qxd6 16. Rxd6 Bb7 17. Nc2 Rf6 18. Rfd1 Rxd6 19. Rxd6 Bf8 20. c5 Nbc8 21. Rd7 Rb8
22. Bh4 h6 23. Bf6 Ba8 24. Bc4+ Kh7 25. Rd8 Ng8 26. Rxf8 Nxf6 27. Rxf6 Rxb2 28.
Bb3 a5 29. Rf7+ 1-0

[Event "AUTO-MASTER-539"]
[Site "http://www.queenalice.com/game.php?id=413013"]
[Date "2008.6.4"]
[Round "1"]
[White "leduar"]
[Black "gniark"]
[Result "0-1"]
[WhiteElo "1902"]
[BlackElo "1975"]

1. e4 e6 2. d4 d5 3. Nc3 Bb4 4. e5 Ne7 5. Bd2 O-O 6. Nce2 Bxd2+ 7. Qxd2 Nd7 8.
Nf4 c5 9. c3 cxd4 10. cxd4 Nf5 11. Nf3 Qb6 12. Be2 f6 13. O-O fxe5 14. dxe5 Nc5
15. Bd3 Nxd3 16. Nxd3 Bd7 17. a4 Nd4 18. Nxd4 Qxd4 19. b4 Rac8 20. Rfd1 Be8 21.
Nc5 Qxd2 22. Rxd2 Rf4 23. Nxe6 Rxb4 24. h3 Kf7 25. Ng5+ Kg6 26. Nf3 Rc5 27. Rd4
Rbc4 28. e6 Kf6 29. Rxc4 dxc4 30. Nd2 Kxe6 31. Re1+ Kf7 32. Ne4 Rc6 33. Ng5+ Kg6
34. Nf3 Rc8 35. Ne5+ Kf6 36. a5 c3 37. f4 c2 38. Nd3 Bb5 39. Nc1 Rd8 40. Kf2 Rd1
41. g4 h6 42. h4 Bd7 43. f5 g6 44. Ke2 Bb5+ 45. Kf2 gxf5 46. gxf5 Kxf5 47. h5 b6
48. axb6 axb6 49. Nb3 Bc4 50. Nc1 b5 0-1

[Event "AUTO-ADV-870"]
[Site "http://www.queenalice.com/game.php?id=434089"]
[Date "2008.7.16"]
[Round "2"]
[White "gniark"]
[Black "goulart"]
[Result "1-0"]
[WhiteElo "1998"]
[BlackElo "2154"]

1. d4 d5 2. c4 dxc4 3. Nf3 Nf6 4. e3 Be6 5. Nc3 c6 6. Ng5 Bg4 7. f3 Bh5 8. Bxc4
e6 9. O-O Nbd7 10. Qc2 Be7 11. Bxe6 fxe6 12. Nxe6 Bg6 13. e4 Qb6 14. Na4 Qb4 15.
Bd2 Qd6 16. Nxg7+ Kf7 17. Nf5 Bxf5 18. exf5 Qxd4+ 19. Kh1 Bd6 20. Bg5 Nd5 21.
Rad1 Qg7 22. f4 h6 23. Qc4 hxg5 24. Rxd5 cxd5 25. Qxd5+ Ke7 26. Qe6+ Kd8 27.
Qxd6 g4 28. Nc5 Rh6 29. Ne6+ Rxe6 30. fxe6 Ke8 31. exd7+ Qxd7 32. Re1+ Kd8 33.
Qf6+ Kc8 34. Rc1+ 1-0

[Event "AUTO-ADV-870"]
[Site "http://www.queenalice.com/game.php?id=434090"]
[Date "2008.7.16"]
[Round "2"]
[White "goulart"]
[Black "gniark"]
[Result "1-0"]
[WhiteElo "2149"]
[BlackElo "2008"]

1. e4 e6 2. d3 d5 3. Nd2 dxe4 4. Nxe4 Nf6 5. Bg5 Be7 6. Bxf6 Bxf6 7. Nxf6+ Qxf6
8. c3 O-O 9. Qf3 Nd7 10. d4 Qxf3 11. Nxf3 b6 12. Bb5 Nf6 13. Bc6 Rb8 14. Ne5 Bb7
15. O-O-O Rfd8 16. Rhe1 Rd6 17. Bxb7 Rxb7 18. Kc2 c5 19. dxc5 bxc5 20. Rxd6 1-0

[Event "AUTO-ADV-870"]
[Site "http://www.queenalice.com/game.php?id=434091"]
[Date "2008.7.16"]
[Round "2"]
[White "gniark"]
[Black "chicalleje"]
[Result "1-0"]
[WhiteElo "2036"]
[BlackElo "2014"]

1. d4 Nf6 2. Nf3 d5 3. c4 c6 4. Nc3 e6 5. Bg5 dxc4 6. a4 Bb4 7. e4 b5 8. e5 h6
9. Bxf6 gxf6 10. exf6 Qxf6 11. g3 Bb7 12. Bg2 Nd7 13. O-O Bxc3 14. bxc3 Nb6 15.
a5 Nd5 16. a6 Bc8 17. Qc2 Bd7 18. Ne5 h5 19. Rfe1 h4 20. Bxd5 cxd5 21. Qb2 Rb8
22. Ra5 h3 23. f4 Rg8 24. Nxd7 Kxd7 25. Rxb5 Rxb5 26. Qxb5+ Kd6 27. Qc5+ Kd7 28.
Qxa7+ Kd6 29. Rb1 Rc8 30. Rb6+ Rc6 31. Qb8+ Kd7 32. Rb7+ 1-0

[Event "AUTO-ADV-870"]
[Site "http://www.queenalice.com/game.php?id=434092"]
[Date "2008.7.16"]
[Round "2"]
[White "chicalleje"]
[Black "gniark"]
[Result "0-1"]
[WhiteElo "2020"]
[BlackElo "2020"]

1. e4 e6 2. d4 d5 3. Nc3 Nf6 4. Bg5 Be7 5. e5 Nfd7 6. Bxe7 Qxe7 7. Qg4 f6 8. f4
fxe5 9. fxe5 O-O 10. Bd3 Qf7 11. Nf3 h5 12. Qg5 Qf4 13. Qxh5 Qh6 14. Qg4 c5 15.
Nb5 Nc6 16. Nc7 Nxd4 17. O-O Rxf3 18. Nxa8 Nxe5 19. Qxf3 Nexf3+ 20. gxf3 Qe3+
21. Kg2 e5 22. Rae1 Qd2+ 23. Kg3 c4 24. Bg6 Qg5+ 0-1

[Event "AUTO-MASTER-615"]
[Site "http://www.queenalice.com/game.php?id=465355"]
[Date "2008.9.19"]
[Round "1"]
[White "Catalin"]
[Black "gniark"]
[Result "1-0"]
[WhiteElo "2148"]
[BlackElo "2041"]

1. e4 e6 2. d4 d5 3. exd5 exd5 4. Nc3 Bb4 5. Bd2 Nc6 6. Bb5 Ne7 7. Nge2 O-O 8.
O-O Bg4 9. f3 Bf5 10. Re1 a6 11. Bxc6 Nxc6 12. Bf4 1-0

[Event "AUTO-MASTER-615"]
[Site "http://www.queenalice.com/game.php?id=465356"]
[Date "2008.9.19"]
[Round "1"]
[White "gniark"]
[Black "Catalin"]
[Result "0-1"]
[WhiteElo "2054"]
[BlackElo "2139"]

1. d4 d5 2. c4 Bf5 3. cxd5 Bxb1 4. Rxb1 Qxd5 5. a3 Nc6 6. e3 e5 7. Ne2 exd4 8.
Nxd4 O-O-O 9. Qg4+ Kb8 10. Nxc6+ Qxc6 11. Bd2 Qc2 12. Rd1 Qxb2 13. Bc1 Rxd1+ 0-1

[Event "AUTO-MASTER-615"]
[Site "http://www.queenalice.com/game.php?id=465369"]
[Date "2008.9.19"]
[Round "1"]
[White "zegan13"]
[Black "gniark"]
[Result "1-0"]
[WhiteElo "2269"]
[BlackElo "2062"]

1. e4 e6 2. d4 d5 3. Nc3 Nf6 4. Bg5 Be7 5. e5 Nfd7 6. h4 c5 7. Bxe7 Qxe7 8. Nb5
Kd8 9. f4 cxd4 10. Qd2 Nc6 11. Nf3 f6 12. O-O-O fxe5 13. fxe5 Ndxe5 14. Nxe5
Nxe5 15. Qxd4 Nc6 16. Qe3 1-0

[Event "AUTO-MASTER-615"]
[Site "http://www.queenalice.com/game.php?id=465370"]
[Date "2008.9.19"]
[Round "1"]
[White "gniark"]
[Black "zegan13"]
[Result "0-1"]
[WhiteElo "2008"]
[BlackElo "2288"]

1. d4 d5 2. c4 e6 3. Nc3 c6 4. Nf3 Nf6 5. e3 Bd6 6. c5 Bc7 7. Bd3 Nbd7 8. O-O e5
9. Bb1 e4 10. Nd2 b6 11. b4 bxc5 12. bxc5 Ba6 13. Re1 Qb8 14. h3 Ba5 15. Qc2 O-O
0-1

[Event "AUTO-MASTER-615"]
[Site "http://www.queenalice.com/game.php?id=465379"]
[Date "2008.9.19"]
[Round "1"]
[White "gniark"]
[Black "razoman"]
[Result "1-0"]
[WhiteElo "2051"]
[BlackElo "1989"]

1. d4 d5 2. c4 c6 3. Nf3 e6 4. e3 Nf6 5. a4 Bb4+ 6. Bd2 a5 7. Bd3 Na6 8. O-O
Bxd2 9. Nbxd2 Nb4 10. Qe2 Nxd3 11. Qxd3 O-O 12. cxd5 cxd5 13. Rac1 Bd7 14. Qa3
Re8 15. Ne5 Rc8 16. b4 Rxc1 17. Rxc1 axb4 18. Qxb4 Qa8 19. Nxd7 Nxd7 20. Rc7 Nf6
21. Rxb7 Qa6 22. Rb8 Qc6 23. Rxe8+ Nxe8 24. Nb3 h6 25. Nc5 Kh7 26. Qb5 Qa8 27.
a5 Nd6 28. Qb6 Nc4 29. Qb1+ Kh8 30. a6 Nd6 31. Qb6 Nc8 32. Qb7 1-0

[Event "AUTO-MASTER-615"]
[Site "http://www.queenalice.com/game.php?id=465380"]
[Date "2008.9.19"]
[Round "1"]
[White "razoman"]
[Black "gniark"]
[Result "0-1"]
[WhiteElo "1957"]
[BlackElo "2065"]

1. d4 d5 2. c4 e6 3. Nc3 Nf6 4. a3 Nbd7 5. e3 Be7 6. Nf3 O-O 7. Bd3 dxc4 8. Bxc4
c6 9. O-O b5 10. Ba2 Bb7 11. Re1 a6 12. e4 c5 13. d5 exd5 14. exd5 c4 15. Bf4
Bc5 16. b4 cxb3 17. Bxb3 Qb6 18. Be3 Rfe8 19. Qd2 Bxe3 20. fxe3 Rac8 21. Kh1 Nc5
22. Ba2 Nce4 23. Nxe4 Nxe4 24. Qb2 Qd6 25. Rad1 Nc3 26. Rd3 Nxa2 27. Qxa2 Qc5
28. e4 Qc4 29. Qd2 Rxe4 30. d6 Rxe1+ 31. Nxe1 Rd8 32. d7 Rxd7 33. Rxd7 Qf1# 0-1

[Event "AUTO-MASTER-539"]
[Site "http://www.queenalice.com/game.php?id=470631"]
[Date "2008.9.30"]
[Round "2"]
[White "Plis"]
[Black "gniark"]
[Result "1-0"]
[WhiteElo "2290"]
[BlackElo "2069"]

1. e4 e6 2. d4 d5 3. Nd2 c5 4. exd5 exd5 5. Ngf3 Nc6 6. Bb5 Bd7 7. O-O Nf6 8.
Re1+ Be7 9. dxc5 O-O 10. Nb3 a6 11. Bf1 Qc7 12. c3 Rfe8 13. Bg5 Rad8 14. g3 h6
15. Bf4 Qc8 16. Bg2 Bh3 17. Ne5 Bxg2 18. Kxg2 Nxe5 19. Bxe5 Ne4 20. Bd4 Nxc5 21.
Rxe7 1-0

[Event "AUTO-MASTER-539"]
[Site "http://www.queenalice.com/game.php?id=470632"]
[Date "2008.9.30"]
[Round "2"]
[White "gniark"]
[Black "Plis"]
[Result "0-1"]
[WhiteElo "2077"]
[BlackElo "2270"]

1. d4 Nf6 2. c4 g6 3. Nc3 Bg7 4. e4 d6 5. Nf3 O-O 6. Be2 e5 7. O-O Nc6 8. d5 Ne7
9. Ne1 Nd7 10. Be3 f5 11. f3 f4 12. Bf2 g5 13. a4 Ng6 14. a5 h5 15. a6 b6 16. b4
Nf6 17. c5 g4 18. cxd6 cxd6 19. Nb5 h4 20. fxg4 Nxe4 21. Qd3 Nxf2 0-1

[Event "AUTO-MASTER-539"]
[Site "http://www.queenalice.com/game.php?id=470635"]
[Date "2008.9.30"]
[Round "2"]
[White "gniark"]
[Black "Botvinnik_Mikhail"]
[Result "0-1"]
[WhiteElo "2029"]
[BlackElo "2155"]

1. d4 d5 2. c4 c6 3. Nf3 Nf6 4. Nc3 e6 5. Bg5 Nbd7 6. e3 Be7 7. Rc1 O-O 8. Qc2
a6 9. h3 dxc4 10. Bxc4 c5 11. O-O b5 12. Bd3 cxd4 0-1

[Event "AUTO-MASTER-539"]
[Site "http://www.queenalice.com/game.php?id=470636"]
[Date "2008.9.30"]
[Round "2"]
[White "Botvinnik_Mikhail"]
[Black "gniark"]
[Result "1-0"]
[WhiteElo "2163"]
[BlackElo "2018"]

1. d4 d5 2. c4 e6 3. Nf3 Nf6 4. Nc3 Nbd7 5. e3 c6 6. Bd3 dxc4 7. Bxc4 b5 8. Bd3
a6 9. O-O Bb7 10. e4 c5 11. d5 Bd6 12. dxe6 fxe6 13. a4 1-0